000 01628cam a22004694i 4500
003 PE-LiUPU
005 20250731172944.0
008 150623s r 000 0 d
020 _a0801021022
035 _a(Sirsi) i9780801021022
040 _aPE-LiUPU
_bspa
_cPE-LiUPU
_erda
049 _aPRUA
082 0 4 _a225.6
_bS79I
_221
100 1 _aStein, Robert H.,
_eautor.
245 1 0 _aInterpreting puzzling texts in the New Testament /
_cRobert H. Stein.
264 1 _aMichigan :
_bBaker Books,
_c1996.
300 _a392 páginas ;
_c21 centímetros
336 _atext
_2rdacontent
337 _aunmediated
_2rdamedia
338 _avolume
_2rdacarrier
505 0 _aDifficult passages in the gospels. -Difficult sayings in the gospels. -Difficult passages in the epistles.
526 _aSEG42
526 _aSEG41
526 _aSEG40
526 _aSEG39
526 _aP94
526 _aP87
526 _aP86
526 _aP85
526 _aP77
526 _aP76
526 _aP35
600 1 _aJesucristo
_xEnseñanzas
_9933
630 _aBiblia.
_pN.T.
_pEpístolas de Pablo
_xCrítica, interpretación, etc.
630 _aBiblia.
_pN.T.
_pEvangelios
_xCrítica, interpretación, etc.
942 _2ddc
_cBOOK
949 _a225.6 S79I
_wDEWEY
_c1
_i44706
_lCCODEBUL1
_mBUL
_r0
_sY
_tBOOK
_u2015-6-24
_xTEOLOGIA
_PP35
_0COMPRA
_o.STAFF. Colección General
994 _aC0
_bPEPRU
596 _a1
999 _a225.6 S79I
_wDEWEY
_c21570
_i44706
_f2021-11-9
_g5
_lCCODEBUL1
_mBUL
_r0
_sY
_tBOOK
_u2015-6-24
_xTEOLOGIA
_PP35
_0COMPRA
_o.STAFF. Colección General
_d21570
980 _81
_gALBERTO SANCHEZ Responsable de Automatización